000
00258nam a2200109Ia 4500
008
190914s9999||||xx |||||||||||||| ||und||
100
_a
Robert Louis Stevenson
245
0
_a
Kidnapped
260
_a
New Delhi
_b
Bantam Books
_c
1996
300
_a
543
942
_c
BK
999
_c
9056
_d
9056